|
|
|
|
| LEADER |
00000naa2a2200000 4500 |
| 001 |
398162 |
| 005 |
20231101065019.0 |
| 035 |
|
|
|a (RuTPU)RU\TPU\prd\37996
|
| 090 |
|
|
|a 398162
|
| 100 |
|
|
|a 20050913a2005 k y0rusy50 ca
|
| 101 |
0 |
|
|a rus
|
| 102 |
|
|
|a RU
|
| 200 |
1 |
|
|a ПТК СМ СИКОН для АСУТП высокой надежности
|f Е. В. Алехин, В. Л. Зиновьев, А. В. Калита и др.
|
| 225 |
1 |
|
|a АСУдля промышленных предприятий
|
| 461 |
|
0 |
|0 (RuTPU)RU\TPU\prd\2287
|t Промышленные АСУ и контроллеры
|o ежемесячный научно-технический производственный журнал
|d 2002-
|
| 463 |
|
0 |
|0 (RuTPU)RU\TPU\prd\37431
|t № 6
|v С. 1-9
|d 2005
|
| 610 |
1 |
|
|a промышленные контроллеры
|
| 610 |
1 |
|
|a автоматизированные системы управления
|
| 610 |
1 |
|
|a программные технические комплексы
|
| 610 |
1 |
|
|a технические средства
|
| 610 |
1 |
|
|a надежность
|
| 610 |
1 |
|
|a опасные производства
|
| 610 |
1 |
|
|a химическая промышленность
|
| 610 |
1 |
|
|a автоматизация цехов
|
| 610 |
1 |
|
|a модульные конструкции
|
| 610 |
1 |
|
|a контроллеры
|
| 610 |
1 |
|
|a технологическое программирование
|
| 610 |
1 |
|
|a управляющие контроллеры
|
| 610 |
1 |
|
|a программное обеспечение
|
| 701 |
|
1 |
|a Алехин
|b Е. В.
|
| 701 |
|
1 |
|a Зиновьев
|b В. Л.
|
| 701 |
|
1 |
|a Калита
|b А. В.
|
| 701 |
|
1 |
|a Кабанов
|b П. Н.
|
| 701 |
|
1 |
|a Карпечев
|b Е. В.
|
| 701 |
|
1 |
|a Китаев
|b М. Ю.
|
| 801 |
|
1 |
|a RU
|b 63413507
|c 20050913
|g PSBO
|
| 942 |
|
|
|c BK
|